ஏ.எம்.ஏ. ஆஸ்ஸ்: (Record no. 4742)

MARC details
000 -LEADER
fixed length control field 00751nam a2200217 4500
003 - CONTROL NUMBER IDENTIFIER
control field LK-CoMWRAF
005 - DATE AND TIME OF LATEST TRANSACTION
control field 20240212165013.0
008 - FIXED-LENGTH DATA ELEMENTS--GENERAL INFORMATION
fixed length control field 240212b2009 |||||||| |||| 00| 0 eng d
020 ## - INTERNATIONAL STANDARD BOOK NUMBER
International Standard Book Number 9789559669463
040 ## - CATALOGING SOURCE
Original cataloging agency LK-CoMWRAF
Modifying agency LK-CoMWRAF
Description conventions LK-CoMWRAF
041 ## - LANGUAGE CODE
Language code of text/sound track or separate title Tamil
082 ## - DEWEY DECIMAL CLASSIFICATION NUMBER
Classification number 923
Item number ABO
942 ## - ADDED ENTRY ELEMENTS (KOHA)
Koha item type Books
700 ## - ADDED ENTRY--PERSONAL NAME
Personal name ஜெமீல், எஸ்.எச்.எம்
Personal name (Transliterated) Jameel, S.H.M.
Relator Term editor
700 ## - ADDED ENTRY--PERSONAL NAME
Personal name மஜீத், மருதூர், ஏ.
Personal name (Transliterated) Majeed, Maruthur, A.
Relator Term editor
700 ## - ADDED ENTRY--PERSONAL NAME
Personal name Begum, Safana, Gul
Relator Term translator
245 ## - TITLE STATEMENT
Title ஏ.எம்.ஏ. ஆஸ்ஸ்:
Remainder of title பன்முகப் பார்வை
260 ## - PUBLICATION, DISTRIBUTION, ETC. (IMPRINT)
Place of publication, distribution, etc. Colombo:
Name of publisher, distributor, etc. Dr. A.M.A. Azeez Foundation,
Date of publication, distribution, etc. 2009
300 ## - PHYSICAL DESCRIPTION
Extent 86 p. photos.
650 ## - SUBJECT ADDED ENTRY--TOPICAL TERM
Topical term or geographic name as entry element EDUCATIONIST-Sri Lanka
Holdings
Withdrawn status Lost status Damaged status Not for loan Permanent Location Current Location Date acquired Full call number Barcode Koha item type
        Resource center, Muslim Women's Research And Action Forum Resource center, Muslim Women's Research And Action Forum 2024-02-12 923 ABO RAF5016 Books

Copyright © 2023 Muslim Women's Research and Action Forum (MWRAF), No 27/3, Anderson Road, Kalubowila, Dehiwela. Funded by The Asia Fundation